|
|
|
|
| LEADER |
00880nam a2200253 a 4500 |
| 001 |
c000101991 |
| 003 |
CARM |
| 005 |
19840327000000.0 |
| 008 |
830520s1983 enk 000 1 eng d |
| 015 |
|
|
|a b8316541
|
| 019 |
1 |
|
|a 2890048
|z 47727829
|5 LACONCORD2021
|
| 020 |
|
|
|a 0002227029 :
|c L.7.95 : CIP rev.
|
| 035 |
|
|
|a (OCoLC)9885621
|5 LACONCORD2021
|
| 040 |
|
|
|a BNB
|b eng
|c BNB
|d BNB
|
| 050 |
0 |
0 |
|a PR6066.A87
|
| 082 |
0 |
4 |
|a 823/.914
|2 19
|
| 100 |
1 |
|
|a Higgins, Jack,
|d 1929-
|
| 245 |
1 |
0 |
|a Exocet /
|c Jack Higgins.
|
| 260 |
|
|
|a London :
|b Collins,
|c 1983.
|
| 300 |
|
|
|a 237 p. ;
|c 23cm.
|
| 500 |
|
|
|a Fiction in English,. 1945- - Texts (BNB/PRECIS)
|
| 852 |
8 |
|
|b CARM
|h A2:AD21B0
|i B02518
|p 0151336
|f BK
|
| 999 |
f |
f |
|i 78dce483-a499-5bd6-97fe-ab736777ab19
|s 7a1eb7f4-ae06-576c-a70b-514aa750f7fc
|
| 952 |
f |
f |
|p Can circulate
|a CAVAL
|b CAVAL
|c CAVAL
|d CARM 1 Store
|e B02518
|f A2:AD21B0
|h Other scheme
|i book
|m 0151336
|